Matching of orbital integrals on GL[4] and GSp[2]
Αποθηκεύτηκε σε:
| Κύριος συγγραφέας: | |
|---|---|
| Μορφή: | Βιβλίο |
| Γλώσσα: | English |
| Δημοσίευση: |
Providence, Rhode island :
American Mathematical Society,
c1999
|
| Σειρά: | Memoirs of the American Mathematical Society ;
; 655 |
| Θέματα: | |
| Ετικέτες: |
Προσθήκη ετικέτας
Δεν υπάρχουν, Καταχωρήστε ετικέτα πρώτοι!
|
MARC
| LEADER | 00000nam a2200000 i 4500 | ||
|---|---|---|---|
| 001 | 1/91023 | ||
| 008 | 991012s1999 eng d | ||
| 020 | |a 0821809598 | ||
| 035 | |l 10053385 | ||
| 040 | |a GR-MY-UA |b gre |e aacr | ||
| 041 | 0 | |a eng | |
| 082 | 0 | |a 512.74 | |
| 100 | 1 | |a Flicker, Yuval Z. |q (Yuval Zvi) |d 1955- | |
| 245 | 1 | 0 | |a Matching of orbital integrals on GL[4] and GSp[2] / |c Yuval Z. Flicker |
| 260 | |a Providence, Rhode island : |b American Mathematical Society, |c c1999 | ||
| 300 | |a viii, 112 p.; |c 26 cm. | ||
| 490 | 1 | |a Memoirs of the American Mathematical Society |v ; 655 | |
| 500 | |a Includes bibliographical references | ||
| 500 | |a Volume 137, number 655 (fourth of 6 numbers) | ||
| 650 | 0 | 0 | |a Symplectic groups. |
| 650 | 0 | 0 | |a Trace formulas. |
| 650 | 0 | 0 | |a Orbit method. |
| 650 | 0 | 0 | |a Representations of groups. |
| 830 | 0 | |a Memoirs of the American Mathematical Society ; |v ; 655 | |
| 852 | |a INST |b SAMOS |e 19991012 |h 512.74 FLI |p 005300016910 |q 005300016910 |t BK |y 0 | ||
| 901 | |a BIBL3-1999-3 | ||
| 909 | |a Σ |b 063421 | ||
| 922 | |a 3ΕΛΗ |b 199907 |c ΕΠΕΑΕΚ/ΜΑΘ |d ΠΑΠΑΣΩΤΗΡΙΟΥ | ||
| 970 | |a ΓΕΝΟΥΖΟΥ |b ΧΡΥΣΑΝΘΗ |z 1999/10/12 | ||